000 07566cam a22021254i 4500
003 PE-LiUPU
005 20250813165805.0
008 150706s2009 es a rb 000 0 spa d
020 _a8480863897
020 _a9788480863896
035 _a(Sirsi) i9788480863896
040 _aPE-LiUPU
_bspa
_cPE-LiUPU
_dPE-LiUPU
_erda
049 _aPRUA
082 0 4 _a610.73
_bC59
_221
082 0 4 _a610.73
_bM69 2009
245 0 0 _aClasificación de resultados de enfermería (NOC) /
_cEditores, Sue Moorhead, [y otros tres].
250 _aCuarta edición.
264 1 _aBarcelona :
_bElsevier,
_c[2009].
300 _a871 páginas ;
_c23 centímetros.
336 _atext
_2rdacontent
337 _aunmediated
_2rdamedia
338 _avolume
_2rdacarrier
504 _aIncluye bibliografía.
505 0 _aClasificación de Resultados de Enfermería: desarrollo, perfeccionamiento y uso en la práctica, investigación y enseñanza -- Taxonomía -- Resultados -- Relaciones NOC-patrones funcionales de salud -- Relaciones NOC-NANDA Internacional -- Resultados centrales según especialidades de enfermería.
526 _aP203
526 _aP200
526 _aSEG65
526 _aSEG64
526 _aSEG63
526 _aSEG62
526 _aSEG61
526 _aSEG60
526 _aSEG59
526 _aSEG58
526 _aSEG57
526 _aSEG56
526 _aSEG55
526 _aSEG54
526 _aSEG53
526 _aSEG52
526 _aSEG51
526 _aSEG50
526 _aSEG49
526 _aSEG48
526 _aSEG47
526 _aSEG46
526 _aSEG24
526 _aSEG23
526 _aSEG22
526 _aSEG21
526 _aSEG20
526 _aSEG19
526 _aSEG18
526 _aSEG17
526 _aSEG16
526 _aSEG14
526 _aSEG13
526 _aSEG12
526 _aSEG11
526 _aSEG10
526 _aSEG09
526 _aSEG06
526 _aSEG05
526 _aSEG04
526 _aSEG03
526 _aSEG02
526 _aSEG68
526 _aSEG66
526 _aSEG45
526 _aSEG25
526 _aSEG01
526 _aP163
526 _aP162
526 _aP161
526 _aP160
526 _aP159
526 _aP158
526 _aP157
526 _aP156
526 _aP155
526 _aP154
526 _aP153
526 _aP152
526 _aP151
526 _aP150
526 _aP149
526 _aP142
526 _aP141
526 _aP140
526 _aP139
526 _aP138
526 _aP137
526 _aP132
526 _aP131
526 _aP130
526 _aP126
526 _aP125
526 _aP124
526 _aP123
526 _aP115
526 _aP122
526 _aP121
526 _aP116
526 _a P114
526 _aP112
526 _aP111
526 _aP104
526 _aP103
526 _aP102
526 _aP101
526 _aP100
526 _aP96
526 _aP95
526 _aP93
526 _aP92
526 _aP91
526 _aP88
526 _aP83
526 _aP82
526 _aP79
526 _aP78
526 _aP75
526 _aP74
526 _aP71
526 _aP69
526 _a P51
526 _aP49
526 _aP48
526 _aP47
526 _aP33
526 _aP31
526 _a P30
526 _aP29
526 _aP27
526 _aP26
526 _aP25
526 _aP24
526 _a P22
526 _aP10
526 _aP09
526 _a P08
526 _aP06
526 _aP05
526 _aP04
526 _aP01
541 _g001-000064;
541 _g001-000046;
541 _g001-000046;
541 _g015-0012181;
541 _g001-0000483;
541 _g001-003347;
650 0 4 _aEvaluación de resultados (Asistencia sanitaria).
650 0 4 _aProcesos de enfermería.
700 1 _aJohson, Marion,
_eeditor.
700 1 _aMaas, Merdean L.,
_eeditor.
700 1 _aMoorhead, Sue,
_eeditor.
700 1 _aSwanson, Elizabeth,
_eeditor.
910 _bjv
_cng
_d20100426
910 _cwelc
_d20161024
942 _2ddc
_cBOOK
949 _a610.73 C59
_wDEWEY
_c1
_i62331
_lCCODEBUL1
_mBUL
_p93.00
_r0
_sY
_tBOOK
_u2015-7-6
_xSALUD
_PP22
_0COMPRA
_o.STAFF. Colección Ciencias de la Salud
949 _a610.73 C59
_wDEWEY
_c2
_i61456
_d2015-10-22
_e2015-10-21
_lCCODEBUL1
_mBUL
_n1
_p66.00
_r0
_sY
_tBOOK
_u2015-7-6
_xSALUD
_PP22
_0COMPRA
_o.STAFF. Colección Ciencias de la Salud
949 _a610.73 C59
_wDEWEY
_c3
_i61465
_lCCODEBUL1
_mBUL
_p66.00
_r0
_sY
_tBOOK
_u2015-7-6
_xSALUD
_PP22
_0COMPRA
_o.STAFF. Colección Ciencias de la Salud
949 _a610.73 C59
_wDEWEY
_c4
_i62246
_d2016-6-2
_e2016-5-29
_lCCODEBUL1
_mBUL
_n1
_p93.00
_r0
_sY
_tBOOK
_u2015-7-6
_xSALUD
_PP22
_0COMPRA
_o.STAFF. Colección Ciencias de la Salud
949 _a610.73 C59
_wDEWEY
_c5
_i63674
_d2016-3-16
_e2016-3-14
_lCCODEBUL1
_mBUL
_n1
_p83.00
_r0
_sY
_tBOOK
_u2015-7-6
_xSALUD
_PP22
_0COMPRA
_o.STAFF. Colección Ciencias de la Salud
949 _a610.73 C59
_wDEWEY
_c6
_i66237
_d2015-8-20
_e2015-8-20
_lCCODEBUL1
_mBUL
_n1
_p74.00
_r0
_sY
_tBOOK
_u2015-7-6
_xSALUD
_PP22
_0COMPRA
_o.STAFF. Colección Ciencias de la Salud
949 _a610.73 M69 2009
_wDEWEY
_c1
_iFJ03190
_d2016-11-4
_e2016-11-3
_lCCODEBUJ1
_mBUJ
_n1
_p93.00
_r0
_sY
_tBOOK
_u2015-9-10
_xSALUD
_PP22
_0COMPRA
_o.STAFF. Colección General Juliaca
949 _a610.73 M69 2009
_wDEWEY
_c2
_iFJ03199
_lCCODEBUJ1
_mBUJ
_p93.00
_r0
_sY
_tBOOK
_u2015-9-14
_xSALUD
_PP22
_0COMPRA
_o.STAFF. Colección General Juliaca
994 _aC0
_bPEPRU
596 _a1 3
999 _a610.73 C59
_wDEWEY
_c50683
_i62331
_d50683
_f2021-11-3
_g5
_lCCODEBUL1
_mBUL
_p93.00
_q6
_r0
_sY
_tBOOK
_u2015-7-6
_xSALUD
_zP22
_0COMPRA
_o.STAFF. Colección Ciencias de la Salud
999 _a610.73 C59
_wDEWEY
_c2
_i61456
_d2019-5-9
_e2018-4-10
_f2021-11-3
_g5
_lCCODEBUL1
_mBUL
_n4
_p66.00
_q2
_r0
_sY
_tBOOK
_u2015-7-6
_xSALUD
_zP22
_0COMPRA
_o.STAFF. Colección Ciencias de la Salud
999 _a610.73 C59
_wDEWEY
_c3
_i61465
_d2018-4-8
_f2021-11-3
_g5
_lCCODEBUL1
_mBUL
_p66.00
_q2
_r0
_sY
_tBOOK
_u2015-7-6
_xSALUD
_zP22
_0COMPRA
_o.STAFF. Colección Ciencias de la Salud
999 _a610.73 C59
_wDEWEY
_c4
_i62246
_d2019-11-22
_e2019-11-18
_f2021-11-3
_g5
_lCCODEBUL1
_mBUL
_n3
_p93.00
_q2
_r0
_sY
_tBOOK
_u2015-7-6
_xSALUD
_zP22
_0COMPRA
_o.STAFF. Colección Ciencias de la Salud
999 _a610.73 C59
_wDEWEY
_c5
_i63674
_d2018-10-28
_e2017-8-6
_f2021-11-3
_g5
_lCCODEBUL1
_mBUL
_n2
_p83.00
_q3
_r0
_sY
_tBOOK
_u2015-7-6
_xSALUD
_zP22
_0COMPRA
_o.STAFF. Colección Ciencias de la Salud
999 _a610.73 C59
_wDEWEY
_c6
_i66237
_d2019-8-13
_e2019-3-10
_f2021-11-3
_g5
_lCCODEBUL1
_mBUL
_n4
_p74.00
_q5
_r0
_sY
_tBOOK
_u2015-7-6
_xSALUD
_zP22
_0COMPRA
_o.STAFF. Colección Ciencias de la Salud
999 _a610.73 M69 2009
_wDEWEY
_c1
_iFJ03190
_d2019-11-25
_e2019-3-15
_f2022-1-25
_g4
_lCCODEBUJ1
_mBUJ
_n2
_p93.00
_q7
_r0
_sY
_tBOOK
_u2015-9-10
_xSALUD
_PP22
_0COMPRA
_o.STAFF. Colección General Juliaca
999 _a610.73 M69 2009
_wDEWEY
_c2
_iFJ03199
_d2019-8-26
_e2018-6-10
_f2018-12-20
_g2
_lCCODEBUJ1
_mBUJ
_n9
_p93.00
_q19
_r0
_sY
_tBOOK
_u2015-9-14
_xSALUD
_PP22
_0COMPRA
_o.STAFF. Colección General Juliaca
980 _81
_gALBERTO SANCHEZ Responsable de Automatización